<?xml version="1.0" encoding="UTF-8"?>
<record
    xmlns:xsi="http://www.w3.org/2001/XMLSchema-instance"
    xsi:schemaLocation="http://www.loc.gov/MARC21/slim http://www.loc.gov/standards/marcxml/schema/MARC21slim.xsd"
    xmlns="http://www.loc.gov/MARC21/slim">

  <leader>01839nam a2200349 a 4500</leader>
  <controlfield tag="001">000041671</controlfield>
  <controlfield tag="003">DO-SdBNP</controlfield>
  <controlfield tag="005">20240523175921.0</controlfield>
  <controlfield tag="008">131015s1999    sp            000 0 spa d</controlfield>
  <datafield tag="020" ind1=" " ind2=" ">
    <subfield code="a">8481642940</subfield>
  </datafield>
  <datafield tag="040" ind1=" " ind2=" ">
    <subfield code="a">DO-SdBNP</subfield>
    <subfield code="b">spa</subfield>
    <subfield code="c">BNPHU</subfield>
  </datafield>
  <datafield tag="082" ind1=" " ind2=" ">
    <subfield code="a">181</subfield>
    <subfield code="b">F488o</subfield>
  </datafield>
  <datafield tag="245" ind1="0" ind2="0">
    <subfield code="a">Filosof&#xED;as no occidentales /</subfield>
    <subfield code="c">edici&#xF3;n de Miguel Cruz Hern&#xE1;ndez.</subfield>
  </datafield>
  <datafield tag="260" ind1=" " ind2=" ">
    <subfield code="a">Madrid :</subfield>
    <subfield code="b">Consejo Superior de Investigaciones Cient&#xED;ficas,</subfield>
    <subfield code="c">1999.</subfield>
  </datafield>
  <datafield tag="300" ind1=" " ind2=" ">
    <subfield code="a">467 p. ;</subfield>
    <subfield code="c">24 cm.</subfield>
  </datafield>
  <datafield tag="490" ind1="1" ind2=" ">
    <subfield code="a">Enciclopedia Iberoam&#xE9;ricana de Filosof&#xED;a</subfield>
    <subfield code="v">19</subfield>
  </datafield>
  <datafield tag="500" ind1=" " ind2=" ">
    <subfield code="a">Incluye &#xED;ndice</subfield>
  </datafield>
  <datafield tag="504" ind1=" " ind2=" ">
    <subfield code="a">Incluye referencias bibliogr&#xE1;ficas y notas al pie de las p&#xE1;ginas</subfield>
  </datafield>
  <datafield tag="504" ind1=" " ind2=" ">
    <subfield code="a">Incluye bibliograf&#xED;a al final de los cap&#xED;tulos</subfield>
  </datafield>
  <datafield tag="505" ind1="0" ind2=" ">
    <subfield code="a">El saber que busca el hombre / Miguel Cruz Hern&#xE1;ndez -- La filosof&#xED;a china -- Filosof&#xED;a de la India I. Vedismo, brahmanismo, hinduismo / Fernando Tola -- El pensamiento iranio / Carmen Dragonetti -- El pensamiento isl&#xE1;mico oriental en la Edad Media / Rafael Ram&#xF3;n Guerero -- El pensamiento isl&#xE1;mico occidental / Joaqu&#xED;n Lomba -- Averroes / Joseph Puig Montada -- El pensamiento isl&#xE1;mico moderno y contempor&#xE1;neo / Miguel Cruz Hern&#xE1;ndez -- La filosof&#xED;a jud&#xED;a / Carlos del Valle -- Maim&#xF3;nides / -- Miguel Cruz Hern&#xE1;ndez -- El nuevo pensamiento o el renacimiento jud&#xED;o en el siglo XX / Reyes Mate.</subfield>
  </datafield>
  <datafield tag="600" ind1="1" ind2="4">
    <subfield code="a">MAIMONIDES, MOSES,</subfield>
    <subfield code="d">1135-1204</subfield>
    <subfield code="9">68465</subfield>
  </datafield>
  <datafield tag="650" ind1=" " ind2="0">
    <subfield code="a"> Filosof&#xED;a asi&#xE1;tica</subfield>
    <subfield code="9">41706</subfield>
  </datafield>
  <datafield tag="650" ind1=" " ind2="4">
    <subfield code="a">Filosof&#xED;a china</subfield>
    <subfield code="9">52987</subfield>
  </datafield>
  <datafield tag="650" ind1=" " ind2="4">
    <subfield code="a">Filosof&#xED;a hind&#xFA;</subfield>
    <subfield code="9">48510</subfield>
  </datafield>
  <datafield tag="650" ind1=" " ind2="4">
    <subfield code="a">Filosof&#xED;a &#xE1;rabe</subfield>
    <subfield code="9">68466</subfield>
  </datafield>
  <datafield tag="650" ind1=" " ind2="4">
    <subfield code="a">Filosof&#xED;a isl&#xE1;mica</subfield>
    <subfield code="9">68467</subfield>
  </datafield>
  <datafield tag="650" ind1=" " ind2="4">
    <subfield code="a">Filosof&#xED;a jud&#xED;a</subfield>
    <subfield code="9">68468</subfield>
  </datafield>
  <datafield tag="700" ind1="1" ind2="2">
    <subfield code="a">Cruz Hern&#xE1;ndez, Miguel</subfield>
    <subfield code="e">ed.</subfield>
    <subfield code="9">7734</subfield>
  </datafield>
  <datafield tag="830" ind1=" " ind2="0">
    <subfield code="a">Enciclopedia Iberoam&#xE9;ricana de Filosof&#xED;a</subfield>
    <subfield code="v">19</subfield>
    <subfield code="9">15735</subfield>
  </datafield>
  <datafield tag="910" ind1=" " ind2=" ">
    <subfield code="a">Validado. Control de calidad MFF</subfield>
  </datafield>
  <datafield tag="942" ind1=" " ind2=" ">
    <subfield code="2">ddc</subfield>
    <subfield code="c">LBS1</subfield>
  </datafield>
  <datafield tag="952" ind1=" " ind2=" ">
    <subfield code="0">0</subfield>
    <subfield code="1">0</subfield>
    <subfield code="5">0</subfield>
    <subfield code="7">1</subfield>
    <subfield code="8">MO</subfield>
    <subfield code="a">GR</subfield>
    <subfield code="b">GR</subfield>
    <subfield code="c">HD</subfield>
    <subfield code="d">2013-10-15</subfield>
    <subfield code="i">LF1</subfield>
    <subfield code="l">0</subfield>
    <subfield code="o">181 F488o</subfield>
    <subfield code="p">41671-10</subfield>
    <subfield code="r">2020-06-25</subfield>
    <subfield code="w">2020-06-25</subfield>
    <subfield code="y">1</subfield>
    <subfield code="Z">No se presta</subfield>
  </datafield>
  <datafield tag="999" ind1=" " ind2=" ">
    <subfield code="c">41161</subfield>
    <subfield code="d">41161</subfield>
  </datafield>
</record>
